[Event "Titled Tue 26th Aug Late"]
[Site "chess.com INT"]
[Date "2025.08.26"]
[Round "6"]
[White "Federer, Colin"]
[Black "Sailer, Mike"]
[Result "1-0"]
[WhiteTitle "FM"]
[WhiteElo "2294"]
[BlackElo "2108"]
[WhiteFideId "1345117"]
[BlackFideId "2012901"]
[EventDate "2025.08.26"]

1. e4 d5 2. exd5 Qxd5 3. Nc3 Qd6 4. d4 c6 5. Nf3 Bg4 6. Be2 Nf6 7. h3 Bxf3 8.
Bxf3 e6 9. O-O Nbd7 10. g3 Qc7 11. Qe2 Bd6 12. Bg2 O-O 13. Rd1 a5 14. Bg5 a4 15.
a3 Ra5 16. h4 h6 17. Be3 Nb6 18. Ne4 Nxe4 19. Bxe4 Nd5 20. Bd2 Rb5 21. c4 Rxb2
22. cxd5 exd5 23. Bg2 Qb6 24. Qd3 Rb3 25. Rab1 Bxa3 26. Rxb3 axb3 27. Rb1 Bd6
28. Rxb3 Qc7 29. Bb4 Bxb4 30. Rxb4 Re8 31. Qb3 Re7 32. Ra4 g6 33. Ra8+ Kg7 34.
Qc2 Qb6 35. Qd3 Qb2 36. h5 Re2 37. Qf3 Re1+ 38. Kh2 Qxd4 39. hxg6 fxg6 40. Qf8+
Kh7 41. Qg8# 1-0

[Event "Titled Tue 26th Aug Late"]
[Site "chess.com INT"]
[Date "2025.08.26"]
[Round "6"]
[White "Bonin, Jay"]
[Black "Donoso Aguirre, Maximiliano"]
[Result "1-0"]
[WhiteTitle "IM"]
[BlackTitle "CM"]
[WhiteElo "2077"]
[BlackElo "1978"]
[WhiteFideId "2000644"]
[BlackFideId "3458920"]
[EventDate "2025.08.26"]

1. d4 d5 2. c3 Nf6 3. Bg5 h6 4. Bxf6 exf6 5. e3 Bd6 6. Bd3 O-O 7. Qf3 Be6 8. Nd2
Nd7 9. Ne2 c5 10. O-O-O c4 11. Bc2 b5 12. g4 Re8 13. h4 a5 14. Rdg1 Be7 15. g5
fxg5 16. hxg5 Bxg5 17. Qg3 Kf8 18. f4 Bf6 19. f5 b4 20. fxe6 Rxe6 21. Nf4 Re8
22. Nxd5 bxc3 23. bxc3 Rb8 24. Ne4 g6 25. Rxh6 Bg7 26. Rh7 Ne5 27. Nf4 Nd3+ 28.
Bxd3 cxd3 29. Nxg6+ fxg6 30. Qxg6 Re7 31. Rh8+ Bxh8 32. Qg8# 1-0

[Event "Titled Tue 26th Aug Late"]
[Site "chess.com INT"]
[Date "2025.08.26"]
[Round "6"]
[White "Graif, William"]
[Black "Rossi, Maximiliano"]
[Result "1-0"]
[WhiteTitle "FM"]
[WhiteElo "2227"]
[BlackElo "2013"]
[WhiteFideId "2609835"]
[BlackFideId "113425"]
[EventDate "2025.08.26"]

1. e4 e6 2. d4 d5 3. Be3 dxe4 4. f3 exf3 5. Nxf3 Nf6 6. Bd3 Be7 7. O-O O-O 8.
Qe1 Nd5 9. Bd2 c5 10. dxc5 Bxc5+ 11. Kh1 g6 12. a3 Nc6 13. Nc3 Re8 14. Ne4 Be7
15. Rd1 Qc7 16. c4 Nf6 17. Bc3 Nxe4 18. Bxe4 f5 19. Bxc6 Qxc6 20. Qe5 Bf8 21.
Ng5 1-0

[Event "Titled Tue 26th Aug Late"]
[Site "chess.com INT"]
[Date "2025.08.26"]
[Round "6"]
[White "Rustemov, Alexander"]
[Black "Sharankov, Grigory"]
[Result "1-0"]
[WhiteTitle "GM"]
[BlackTitle "CM"]
[WhiteElo "2525"]
[BlackElo "2238"]
[WhiteFideId "4119002"]
[BlackFideId "4168356"]
[EventDate "2025.08.26"]

1. d4 Nf6 2. c4 e6 3. Nf3 d5 4. cxd5 exd5 5. Nc3 Bb4 6. Bf4 O-O 7. e3 c6 8. Bd3
Re8 9. h3 Bd6 10. Bxd6 Qxd6 11. Qc2 Nbd7 12. O-O Nf8 13. Rab1 g6 14. b4 Ne6 15.
Rfc1 a6 16. Na4 Ng7 17. Nc5 Rb8 18. a4 Bf5 19. b5 cxb5 20. axb5 a5 21. b6 Ne4
22. Rb5 Nxc5 23. dxc5 Qd7 24. Rxa5 Bxh3 25. gxh3 Qxh3 26. Qd1 Nh5 27. Ra4 Qe6
28. Rh4 Qf6 29. Rh2 Rbc8 30. Nd4 Qe7 31. Rxh5 gxh5 32. Qxh5 f6 33. Bf5 1-0

[Event "Titled Tue 26th Aug Late"]
[Site "chess.com INT"]
[Date "2025.08.26"]
[Round "6"]
[White "Gerbelli Neto, Eduardo"]
[Black "Padalka, Artem"]
[Result "0-1"]
[BlackTitle "CM"]
[WhiteElo "2114"]
[BlackElo "2124"]
[WhiteFideId "2103281"]
[BlackFideId "14118637"]
[EventDate "2025.08.26"]

1. e4 c5 2. Nc3 e6 3. f4 d5 4. Nf3 Nc6 5. Bb5 Ne7 6. exd5 exd5 7. Qe2 a6 8.
Bxc6+ bxc6 9. O-O Qd6 10. d3 g6 11. Qe5 Qxe5 12. Nxe5 f6 13. Nf3 Nf5 14. Re1+
Kf7 15. Ne2 h5 16. b3 h4 17. Kf2 Bd6 18. d4 a5 19. Ba3 cxd4 20. Bxd6 Nxd6 21.
Nexd4 Ne4+ 22. Kg1 c5 23. Nb5 Bb7 24. Rad1 a4 25. c4 axb3 26. axb3 Rad8 27. cxd5
Bxd5 28. Rxd5 Rxd5 29. Rxe4 Rb8 30. Nc3 Rd3 0-1

[Event "Titled Tue 26th Aug Late"]
[Site "chess.com INT"]
[Date "2025.08.26"]
[Round "6"]
[White "Terry, Renato"]
[Black "Gabrielian, Artur"]
[Result "1-0"]
[WhiteTitle "IM"]
[BlackTitle "GM"]
[WhiteElo "2508"]
[BlackElo "2407"]
[WhiteFideId "3803457"]
[BlackFideId "4131002"]
[EventDate "2025.08.26"]

1. d4 Nf6 2. Bg5 d5 3. e3 c5 4. c3 Qb6 5. Qb3 c4 6. Qc2 Nc6 7. Bxf6 gxf6 8. e4
dxe4 9. Nd2 f5 10. Bxc4 Bh6 11. Ne2 Rg8 12. O-O Qc7 13. Nb3 b6 14. Ng3 e6 15.
Qe2 Bg5 16. Rad1 Kf8 17. Kh1 Bb7 18. Ba6 Ne7 19. Bxb7 Qxb7 20. c4 Rd8 21. f3 e3
22. f4 Bh4 23. Qxe3 Bxg3 24. hxg3 Rg6 25. Rfe1 Ng8 26. d5 Kg7 27. dxe6 Rxd1 28.
Rxd1 Rxe6 29. Qc3+ Kg6 30. Nd4 Re4 31. Nf3 h6 32. Qh8 Qe7 33. Qxg8+ Kh5 34. Rd5 1-0

[Event "Titled Tue 26th Aug Late"]
[Site "chess.com INT"]
[Date "2025.08.26"]
[Round "6"]
[White "Bagchi, Sounak"]
[Black "Jimenez Salas, Maria Teresa"]
[Result "1-0"]
[BlackTitle "WIM"]
[WhiteElo "2030"]
[BlackElo "2249"]
[WhiteFideId "30970059"]
[BlackFideId "3843866"]
[EventDate "2025.08.26"]

1. e4 c5 2. Nf3 Nc6 3. Bb5 e6 4. Bxc6 bxc6 5. b3 d6 6. Bb2 e5 7. c3 Ne7 8. O-O
Ng6 9. d4 cxd4 10. cxd4 exd4 11. Bxd4 f6 12. Nc3 Be7 13. Rc1 O-O 14. h3 f5 15.
e5 d5 16. Na4 Bd7 17. Nc5 Bxc5 18. Bxc5 Re8 19. Bd6 Qa5 20. a4 Rac8 21. Re1 h6
22. Nd4 c5 23. e6 cxd4 24. exd7 Rxe1+ 25. Qxe1 Rxc1 26. Qxc1 d3 27. b4 Qd8 28.
Qc8 Kh7 29. Qxd8 d2 30. Qe8 d1=Q+ 31. Kh2 Nh4 32. d8=Q Qf1 33. Qg8+ Kg6 34. Qxh4
Qd3 35. Qg3+ 1-0

[Event "Titled Tue 26th Aug Late"]
[Site "chess.com INT"]
[Date "2025.08.26"]
[Round "6"]
[White "Kochetkov, German"]
[Black "Mekhitarian, Krikor Sevag"]
[Result "0-1"]
[WhiteTitle "IM"]
[BlackTitle "GM"]
[WhiteElo "2277"]
[BlackElo "2549"]
[WhiteFideId "13500635"]
[BlackFideId "2107660"]
[EventDate "2025.08.26"]

1. e4 c5 2. Nf3 Nc6 3. Bb5 Nf6 4. e5 Nd5 5. Nc3 Nc7 6. Bxc6 dxc6 7. O-O h6 8.
Re1 g5 9. Ne4 b6 10. b3 Bf5 11. Bb2 Ne6 12. h3 Bg7 13. d3 Qd7 14. Qd2 a5 15. a4
O-O-O 16. Rad1 Kb7 17. c4 Qc7 18. Qe3 Rd7 19. Ng3 Bg6 20. d4 Rhd8 21. Rd2 cxd4
22. Nxd4 Nxd4 23. Rxd4 Rxd4 24. Bxd4 c5 25. Qf3+ Qc6 26. Qxc6+ Kxc6 27. Be3 Rd3
28. f4 gxf4 29. Bxf4 Rxb3 30. Rd1 Rd3 31. Rf1 Rd4 32. h4 h5 0-1

[Event "Titled Tue 26th Aug Late"]
[Site "chess.com INT"]
[Date "2025.08.26"]
[Round "6"]
[White "Ferrara, Enzo"]
[Black "Jin, Ashton"]
[Result "0-1"]
[WhiteElo "2138"]
[BlackElo "2196"]
[WhiteFideId "137731"]
[BlackFideId "30931908"]
[EventDate "2025.08.26"]

1. d4 Nf6 2. c4 e6 3. Nc3 Bb4 4. e3 O-O 5. Ne2 c6 6. Qb3 Ba5 7. Bd2 d5 8. Ng3
Re8 9. f4 Nbd7 10. Be2 dxc4 11. Qxc4 Nd5 12. O-O Qc7 13. e4 Nxc3 14. Bxc3 Bxc3
15. bxc3 c5 16. f5 Nb6 17. Qd3 Bd7 18. f6 g6 19. Qe3 Kh8 20. Qh6 Rg8 21. Rf4 g5
22. e5 Rg6 23. Qh3 gxf4 24. Nh5 cxd4 25. Nxf4 Qxe5 26. Nxg6+ fxg6 27. Rf1 Qxe2
28. Qh6 Qe3+ 29. Kh1 Qxh6 0-1

[Event "Titled Tue 26th Aug Late"]
[Site "chess.com INT"]
[Date "2025.08.26"]
[Round "6"]
[White "Amirkul, Alimzhan"]
[Black "Ferriz Barrios, Andres"]
[Result "1-0"]
[WhiteTitle "FM"]
[BlackTitle "FM"]
[WhiteElo "2242"]
[BlackElo "2102"]
[WhiteFideId "13718428"]
[BlackFideId "5104467"]
[EventDate "2025.08.26"]

1. e4 e6 2. d4 d5 3. e5 c5 4. c3 Nc6 5. Nf3 Qb6 6. a3 a5 7. Bd3 Bd7 8. Bc2 cxd4
9. cxd4 f6 10. Nc3 Rc8 11. O-O Nge7 12. Re1 fxe5 13. Nxe5 Qxd4 14. Qh5+ g6 15.
Qg5 Nxe5 16. Be3 Qg4 17. Qxe5 Kf7 18. h3 Qh5 19. Qf4+ Ke8 20. Bd4 Rg8 21. Rad1
g5 22. Qe5 Bg7 23. Qe3 Bxd4 24. Rxd4 g4 25. hxg4 Rxg4 26. Bd1 Nf5 27. Bxg4 Qxg4
28. Rxg4 Nxe3 29. Rg8+ Kf7 30. Rxc8 Bxc8 31. Rxe3 Bd7 32. Rf3+ Ke7 33. Kf1 Bc6
34. Rh3 d4 35. Rxh7+ Kd6 36. Ne2 e5 37. Ke1 b5 38. f3 b4 39. Rh6+ Kd5 40. Rxc6
Kxc6 41. axb4 axb4 42. Kd2 Kc5 43. Kd3 Kd5 44. b3 1-0

[Event "Titled Tue 26th Aug Late"]
[Site "chess.com INT"]
[Date "2025.08.26"]
[Round "6"]
[White "Kravtsiv, Martyn"]
[Black "Esquivel Golcher, Luis Enrique"]
[Result "1-0"]
[WhiteTitle "GM"]
[BlackTitle "FM"]
[WhiteElo "2598"]
[BlackElo "2044"]
[WhiteFideId "14113147"]
[BlackFideId "6600174"]
[EventDate "2025.08.26"]

1. e4 e6 2. d4 d5 3. exd5 exd5 4. Nf3 Bd6 5. Bd3 Ne7 6. O-O h6 7. Nc3 O-O 8. Nh4
Nbc6 9. Nb5 a6 10. Nxd6 Qxd6 11. c3 Bd7 12. g3 Qf6 13. Re1 Ng6 14. Qf3 Qxf3 15.
Nxf3 Rfe8 16. Bd2 Rxe1+ 17. Rxe1 Re8 18. Rxe8+ Bxe8 19. Bxg6 fxg6 20. Bf4 Bd7
21. Bxc7 Bf5 22. Nd2 Kf7 23. Nb3 b5 24. Nc5 a5 25. Nb7 Ke7 26. f3 a4 27. Kf2 g5
28. Ke3 Ke6 29. Nc5+ Kf6 30. Nb7 Ke7 31. a3 Ke6 32. Nd6 Bh3 33. Nxb5 Bf1 34. c4
Bxc4 35. Nc3 Bb3 36. Bb6 Ne7 37. Bc5 Nf5+ 38. Kf2 Bc2 39. Ne2 Bd3 1-0

[Event "Titled Tue 26th Aug Late"]
[Site "chess.com INT"]
[Date "2025.08.26"]
[Round "6"]
[White "Kavyev, Ruslan"]
[Black "Peek, Maurice"]
[Result "1-0"]
[WhiteTitle "FM"]
[BlackTitle "IM"]
[WhiteElo "2179"]
[BlackElo "2381"]
[WhiteFideId "34110981"]
[BlackFideId "1004239"]
[EventDate "2025.08.26"]

1. Nf3 Nf6 2. c4 e6 3. b3 c5 4. Bb2 b6 5. g3 Bb7 6. Bg2 Be7 7. O-O O-O 8. e3 d5
9. cxd5 Nxd5 10. Nc3 Bf6 11. Qb1 Nxc3 12. Bxc3 Bxc3 13. dxc3 Nc6 14. h4 h6 15.
b4 Qe7 16. a3 Rac8 17. Rd1 Rfd8 18. Qb2 Nb8 19. b5 Rxd1+ 20. Rxd1 Rd8 21. Rxd8+
Qxd8 22. Qc2 Qf6 23. Qd1 Bxf3 24. Bxf3 Qe7 25. a4 Qd7 26. Qc2 Qd6 27. Qe4 Qc7
28. Kg2 Nd7 29. Qc6 Qd8 30. Qd6 Qc8 31. Qe7 Nf6 32. Qxa7 Qd8 33. a5 bxa5 34. b6
Nd7 35. b7 Nb8 36. Qxc5 f6 37. Qc8 Kh7 38. Qxd8 1-0

[Event "Titled Tue 26th Aug Late"]
[Site "chess.com INT"]
[Date "2025.08.26"]
[Round "6"]
[White "Adharsh K"]
[Black "Dotzer, Lukas"]
[Result "1-0"]
[WhiteTitle "FM"]
[BlackTitle "IM"]
[WhiteElo "2346"]
[BlackElo "2472"]
[WhiteFideId "25718207"]
[BlackFideId "1666975"]
[EventDate "2025.08.26"]

1. Nf3 d5 2. g3 Nf6 3. Bg2 g6 4. O-O Bg7 5. d4 O-O 6. c4 dxc4 7. Qc2 c6 8. Qxc4
Be6 9. Qc2 Bf5 10. Qb3 Qb6 11. Qa3 Nbd7 12. Nc3 Rfe8 13. Be3 Ng4 14. Bf4 e5 15.
dxe5 Ndxe5 16. h3 Nxf3+ 17. Bxf3 Ne5 18. Bg2 Nc4 19. Qb3 Nxb2 20. Rfc1 Be6 21.
Qc2 Nc4 22. Rab1 Qa6 23. Qd3 Rad8 24. Qf3 Nd2 25. Bxd2 Rxd2 26. a4 Bf5 27. e4
Be6 28. Rd1 Red8 29. Rxd2 Rxd2 30. Qe3 Qd3 31. Qxd3 Rxd3 32. Ne2 Rd2 33. Nf4 Bc8
34. Bf1 Bd4 35. Nd3 b6 36. a5 Ba6 37. axb6 axb6 38. Nb4 Bxf2+ 39. Kh1 Bxf1 40.
Rxf1 Bxg3 41. Nxc6 Bd6 42. e5 Bc5 43. Ra1 Kg7 44. Ra7 Re2 45. Rb7 h5 46. h4 Rf2
47. e6 Kf8 48. e7+ 1-0

[Event "Titled Tue 26th Aug Late"]
[Site "chess.com INT"]
[Date "2025.08.26"]
[Round "6"]
[White "Mottola, Max"]
[Black "Li, Yilin"]
[Result "0-1"]
[BlackTitle "WFM"]
[WhiteElo "2183"]
[BlackElo "1921"]
[WhiteFideId "30985862"]
[BlackFideId "8610410"]
[EventDate "2025.08.26"]

1. d4 d5 2. Nc3 c6 3. Bf4 Nf6 4. e3 e6 5. Nf3 Bd6 6. Ne5 O-O 7. Bd3 a6 8. Qf3 b5
9. Qh3 c5 10. Bg5 g6 11. Bh6 Re8 12. Qf3 b4 13. Na4 cxd4 14. exd4 Bxe5 15. dxe5
Nfd7 16. Bf4 Bb7 17. O-O Nc6 18. Qg3 Nd4 19. h4 Bc6 20. b3 Bxa4 21. bxa4 Nf5 22.
Bxf5 exf5 23. Rad1 Qa5 24. Qb3 Nb6 25. h5 Rac8 26. Rfe1 Rc3 27. Qb1 Qxa4 28. Be3
Nc4 29. Bd4 Rxc2 30. e6 fxe6 31. Bf6 Qxa2 32. Qxb4 Rxf2 33. Be5 Rxg2+ 34. Kh1
Nxe5 35. Rd2 Rxd2 36. Rxe5 Rh2+ 0-1

[Event "Titled Tue 26th Aug Late"]
[Site "chess.com INT"]
[Date "2025.08.26"]
[Round "6"]
[White "Chen, Yidong"]
[Black "Sroczynski, Maciej"]
[Result "1-0"]
[BlackTitle "FM"]
[WhiteElo "2068"]
[BlackElo "2236"]
[WhiteFideId "8607028"]
[BlackFideId "1121472"]
[EventDate "2025.08.26"]

1. Nf3 g6 2. g3 Bg7 3. c4 c5 4. Bg2 Nc6 5. O-O e6 6. e3 d5 7. cxd5 exd5 8. d4
cxd4 9. Nxd4 Nxd4 10. exd4 Ne7 11. Nc3 h6 12. Be3 O-O 13. Qb3 Be6 14. Qxb7 Rb8
15. Qxa7 Rxb2 16. Rfc1 Nc6 17. Qc5 Nb4 18. Bf1 Qa8 19. Nd1 Rc8 20. Nxb2 Rxc5 21.
Rxc5 Qa3 22. Nd1 Bf5 23. Rac1 Qxa2 24. Nc3 Qb3 25. Nb5 Nd3 26. Bxd3 Bxd3 27. Nd6
Be4 28. Rc8+ Kh7 29. Nxf7 Qa2 30. Nd6 Bf3 31. Ne8 Bf8 32. R8c7+ Kg8 33. Nf6+ Kh8
34. Rh7# 1-0

[Event "Titled Tue 26th Aug Late"]
[Site "chess.com INT"]
[Date "2025.08.26"]
[Round "6"]
[White "Azamikia, Mehran"]
[Black "Garcia Correa, Jose Ricardo"]
[Result "0-1"]
[WhiteTitle "CM"]
[BlackTitle "FM"]
[WhiteElo "2130"]
[BlackElo "2103"]
[WhiteFideId "12502502"]
[BlackFideId "5101832"]
[EventDate "2025.08.26"]

1. Nf3 Nf6 2. c4 c5 3. g3 Nc6 4. Bg2 d5 5. cxd5 Nxd5 6. O-O e5 7. Nc3 Nc7 8. d3
f6 9. Rb1 Be6 10. a3 Qd7 11. Ne4 Be7 12. Be3 b6 13. Bd2 a5 14. Re1 O-O 15. h4
Rfd8 16. Qc1 Nd5 17. Nc3 Rac8 18. Nxd5 Bxd5 19. Bc3 Nd4 20. Bxd4 cxd4 21. Qd2
Bb3 22. Rbc1 a4 23. Rxc8 Rxc8 24. Rc1 b5 25. Kh2 Rc7 26. Bh3 Qd6 27. Bf5 g6 28.
Bh3 f5 29. Ng5 Kg7 30. Bg2 Bf6 31. f4 h6 32. Nh3 Be7 33. fxe5 Qxe5 34. Nf4 Bd6
35. Rxc7+ Bxc7 36. Qe1 g5 37. hxg5 hxg5 38. Nh3 Kg6 39. Qf2 Bd6 40. Ng1 b4 41.
Nf3 Qe3 42. Qxe3 dxe3 43. axb4 Bxb4 44. Nd4 Bd1 45. Bf1 Be7 46. Kg2 Bf6 47. Nb5
Bxb2 48. Kf3 Bc1 49. d4 Bb3 50. d5 Bxd5# 0-1

[Event "Titled Tue 26th Aug Late"]
[Site "chess.com INT"]
[Date "2025.08.26"]
[Round "6"]
[White "Garcia Cuenca, Victor"]
[Black "Harriott, Tyrell"]
[Result "0-1"]
[WhiteTitle "FM"]
[WhiteElo "2293"]
[BlackElo "1933"]
[WhiteFideId "2250829"]
[BlackFideId "2086484"]
[EventDate "2025.08.26"]

1. Nf3 d5 2. g3 e6 3. Bg2 c6 4. O-O Bd6 5. d3 f5 6. e4 Ne7 7. Qe2 O-O 8. c4 Na6
9. Nc3 Bb4 10. Bd2 Nc7 11. a3 Bxc3 12. Bxc3 Ng6 13. h4 Nh8 14. Rfe1 Nf7 15. exf5
exf5 16. Qe7 Qd7 17. Bb4 Re8 18. Qxd7 Bxd7 19. Nd4 g6 20. Ba5 b6 21. Bd2 Rad8
22. Rad1 Rxe1+ 23. Rxe1 dxc4 24. dxc4 c5 25. Nf3 Ne6 26. Bc3 Bc8 27. Nd2 Kf8 28.
Nf1 Nd4 29. Ne3 Ne5 30. Bxd4 cxd4 31. Nd5 Nxc4 32. Re7 Rxd5 33. Rc7 Rc5 0-1

[Event "Titled Tue 26th Aug Late"]
[Site "chess.com INT"]
[Date "2025.08.26"]
[Round "6"]
[White "Aravindh, Chithambaram VR."]
[Black "Kona, Vidip"]
[Result "1-0"]
[WhiteTitle "GM"]
[WhiteElo "2723"]
[BlackElo "2145"]
[WhiteFideId "5072786"]
[BlackFideId "30990440"]
[EventDate "2025.08.26"]

1. c4 Nf6 2. Nc3 e5 3. g3 d5 4. cxd5 Nxd5 5. Bg2 Be6 6. Nf3 Nd7 7. O-O c6 8. d4
Nxc3 9. bxc3 Bd6 10. Qc2 exd4 11. Nxd4 O-O 12. Nxe6 fxe6 13. Rd1 Bc5 14. e3 Qe7
15. c4 Nf6 16. h3 Rad8 17. Bb2 e5 18. Rxd8 Rxd8 19. Rd1 Rxd1+ 20. Qxd1 Nd7 21.
Qb3 Nf6 22. a4 Ne8 23. a5 a6 24. Bc3 Nd6 25. Bb4 Bxb4 26. Qxb4 Qe6 27. c5 Nb5
28. Qd2 Kf7 29. Qd8 Qe7 30. Qc8 g6 31. Bf1 Qc7 32. Qh8 Qxa5 33. Bc4+ Ke7 34.
Qg7+ Kd8 35. Be6 Qd2 36. Qf8+ Kc7 37. Qc8# 1-0

[Event "Titled Tue 26th Aug Late"]
[Site "chess.com INT"]
[Date "2025.08.26"]
[Round "6"]
[White "Tang, Austin"]
[Black "Yurovskykh, Oleksandr"]
[Result "0-1"]
[BlackTitle "FM"]
[WhiteElo "1920"]
[BlackElo "2379"]
[WhiteFideId "30964580"]
[BlackFideId "14134020"]
[EventDate "2025.08.26"]

1. e4 d5 2. exd5 Qxd5 3. Nc3 Qd8 4. d4 Nf6 5. Nf3 Bg4 6. Be2 e6 7. h3 Bxf3 8.
Bxf3 c6 9. O-O Nbd7 10. Bf4 Be7 11. Qd2 O-O 12. Ne4 Nxe4 13. Bxe4 Nf6 14. Bd3
Nd5 15. Bg3 Bd6 16. Bxd6 Qxd6 17. g3 Rfd8 18. c3 Rd7 19. Qc2 g6 20. Kh2 Rad8 21.
Rae1 c5 22. dxc5 Qxc5 23. Be4 b6 24. Bg2 Nf6 25. Rd1 Rxd1 26. Rxd1 Rxd1 27. Qxd1
Qxf2 28. Qa4 a5 29. Qf4 Qxf4 30. gxf4 Nh5 31. b4 Nxf4 32. bxa5 bxa5 33. Be4 f5
34. Bc2 Kf7 35. c4 Ke7 36. Kg3 g5 37. h4 h6 38. hxg5 hxg5 39. Kf3 Kd6 40. Ke3
Kc5 41. Bb3 e5 42. Kf3 Ne6 43. Ke3 Nc7 44. Bc2 e4 45. Ba4 Na8 46. Bd7 Nb6 47.
Bxf5 Nxc4+ 48. Kxe4 Nd6+ 49. Ke5 Nxf5 50. Kxf5 Kb4 51. Kxg5 Ka3 52. Kf4 Kxa2 53.
Ke4 Kb2 54. Kd3 a4 0-1

[Event "Titled Tue 26th Aug Late"]
[Site "chess.com INT"]
[Date "2025.08.26"]
[Round "6"]
[White "Popov, Tikhon"]
[Black "Tsvetkov, Andrey"]
[Result "0-1"]
[WhiteTitle "FM"]
[BlackTitle "IM"]
[WhiteElo "2335"]
[BlackElo "2403"]
[WhiteFideId "24252026"]
[BlackFideId "34139360"]
[EventDate "2025.08.26"]

1. e4 c5 2. Nf3 d6 3. Bb5+ Nd7 4. O-O a6 5. Bd3 Ngf6 6. Re1 g6 7. c3 Bh6 8. Bf1
Ne5 9. d4 Bxc1 10. Qxc1 Nxf3+ 11. gxf3 O-O 12. Qe3 b6 13. Nd2 Nh5 14. f4 Bb7 15.
Be2 Ng7 16. Rad1 Rc8 17. Bf3 b5 18. a3 Qb6 19. Nf1 cxd4 20. cxd4 Rc2 21. Re2
Rfc8 22. Ng3 h5 23. h4 Rxe2 24. Nxe2 Rc2 25. Kh2 d5 26. Rg1 dxe4 27. Bxe4 Bxe4
28. Qxe4 Rxb2 29. Qxe7 Nf5 30. Qe8+ Kg7 31. Qe5+ Kh7 32. Kh3 Qd8 33. Rg5 Qd7 34.
Kh2 Nxh4 35. Rg3 Nf5 36. Rd3 Qe6 37. Ng3 Rxf2+ 38. Kg1 Qa2 0-1

[Event "Titled Tue 26th Aug Late"]
[Site "chess.com INT"]
[Date "2025.08.26"]
[Round "6"]
[White "Steinberg, Nitzan"]
[Black "Msellek, Ilyass"]
[Result "1/2-1/2"]
[WhiteTitle "GM"]
[BlackTitle "IM"]
[WhiteElo "2554"]
[BlackElo "2406"]
[WhiteFideId "2801795"]
[BlackFideId "675938"]
[EventDate "2025.08.26"]

1. e4 c5 2. Nf3 e6 3. d4 cxd4 4. Nxd4 Nf6 5. Nc3 Nc6 6. a3 d5 7. Bb5 Bd7 8. exd5
exd5 9. O-O Be7 10. Be3 O-O 11. Be2 Rc8 12. h3 Ne5 13. Nf3 Nc4 14. Bxc4 dxc4 15.
Ne5 Bf5 16. Qf3 Bxc2 17. Qxb7 Rc7 18. Qf3 Bd6 19. Nc6 Qa8 20. Nd4 Qxf3 21. gxf3
Bd3 22. Rfd1 a6 23. b4 Be5 24. f4 Bxd4 25. Bxd4 Nh5 26. Be3 Rb8 27. Ra2 g6 28.
Rb2 Ng7 29. Nd5 Rcb7 30. Bd4 Ne6 31. Be5 Rd8 32. Nf6+ Kg7 33. Re1 Kh6 34. Kh2
Nd4 35. Ng4+ Kh5 36. Kg3 Nf5+ 37. Kh2 Nd4 38. Nf6+ Kh6 39. Ng4+ Kh5 1/2-1/2

[Event "Titled Tue 26th Aug Late"]
[Site "chess.com INT"]
[Date "2025.08.26"]
[Round "6"]
[White "Lai, Duc Minh"]
[Black "Palczert, Matyas"]
[Result "0-1"]
[BlackTitle "FM"]
[WhiteElo "2121"]
[BlackElo "2427"]
[WhiteFideId "12420387"]
[BlackFideId "784958"]
[EventDate "2025.08.26"]

1. d4 Nf6 2. Bf4 g6 3. Nf3 Bg7 4. c3 O-O 5. Nbd2 d5 6. e3 c5 7. dxc5 Nfd7 8. Nb3
e5 9. Bg5 Qc7 10. Qxd5 Nc6 11. Bb5 h6 12. Bh4 g5 13. Bg3 a6 14. Bxc6 bxc6 15.
Qd6 Qxd6 16. cxd6 f5 17. h3 f4 18. Bh2 a5 19. exf4 exf4 20. O-O c5 21. Nbd2 a4
22. Ne4 Bb7 23. Nfd2 a3 24. Rab1 axb2 25. Rxb2 Bd5 26. Ra1 Ra4 27. f3 Rfa8 28.
Kf1 Kf7 29. Bg1 Ke6 30. Re1 Kf7 31. Nxc5 Nxc5 32. Re7+ Kg6 33. Bxc5 Bxc3 34. Rc2
Bf6 35. Re2 Rxa2 36. Ne4 Ra1+ 37. Kf2 Bd8 38. Red2 Bc6 39. Bd4 R1a6 40. Nc5 Ra1
41. Ne6 Bb5 42. Nc7 Rf1# 0-1

[Event "Titled Tue 26th Aug Late"]
[Site "chess.com INT"]
[Date "2025.08.26"]
[Round "6"]
[White "Arnold, Rhys"]
[Black "Mizzi, Jack"]
[Result "0-1"]
[WhiteTitle "FM"]
[BlackTitle "CM"]
[WhiteElo "2269"]
[BlackElo "2130"]
[WhiteFideId "1068849"]
[BlackFideId "5602521"]
[EventDate "2025.08.26"]

1. e4 c6 2. d4 d5 3. e5 c5 4. c3 Nc6 5. Be2 g6 6. Be3 cxd4 7. cxd4 Bg7 8. Nc3
Nh6 9. Qb3 e6 10. Nf3 Nf5 11. O-O Nxe3 12. fxe3 O-O 13. Rad1 f6 14. exf6 Bxf6
15. Kh1 a6 16. Na4 b5 17. Nc5 Bd7 18. e4 Na5 19. Qe3 Nc4 20. Bxc4 bxc4 21. exd5
exd5 22. Ne5 Bf5 23. b3 cxb3 24. axb3 Qe7 25. b4 a5 26. Qb3 Be6 27. Nc6 Qd6 28.
Nxa5 Bg4 29. Rde1 Bxd4 30. Nab7 Rxf1+ 31. Rxf1 Qe5 32. Nd3 Qe2 33. Qxd5+ Be6 34.
Qf3 Qxf3 35. gxf3 Bd5 36. Nbc5 Ra2 37. b5 Bc4 38. Rd1 Bxc5 39. Nxc5 Bxb5 40. Ne4
Be2 41. Rd8+ Kg7 42. Rd7+ Kh6 43. Rf7 Bc4 44. h4 Bxf7 0-1

[Event "Titled Tue 26th Aug Late"]
[Site "chess.com INT"]
[Date "2025.08.26"]
[Round "6"]
[White "Ebrahimi Herab, Hamidreza"]
[Black "Livaic, Leon"]
[Result "0-1"]
[WhiteTitle "FM"]
[BlackTitle "GM"]
[WhiteElo "2385"]
[BlackElo "2550"]
[WhiteFideId "22512888"]
[BlackFideId "14531534"]
[EventDate "2025.08.26"]

1. d4 d6 2. e4 Nf6 3. Nc3 e5 4. Nf3 Nbd7 5. Bc4 Be7 6. O-O O-O 7. h3 c6 8. a4 a5
9. Re1 exd4 10. Nxd4 Nc5 11. Bf4 Be6 12. Nxe6 fxe6 13. e5 Nfd7 14. exd6 Rxf4 15.
dxe7 Qxe7 16. Qe2 Raf8 17. f3 R8f6 18. Rad1 Nb6 19. Bb3 h6 20. Qe3 Kh8 21. Ne2
Rb4 22. Nd4 Nxb3 23. cxb3 Nd5 24. Qe5 Qf7 25. Nxe6 Rxb3 26. Qb8+ Kh7 27. Nd4 Re3
28. Rxe3 Nxe3 29. Re1 Qd5 30. Qa7 c5 31. Ne2 Qd2 32. Kf2 Nxg2 33. Rg1 Re6 34.
Qxc5 Rxe2+ 35. Kg3 Qf4# 0-1